[Event "Haifa"]
[Site "Haifa"]
[Date "1995.??.??"]
[Round "4"]
[White "Svidler, Peter"]
[Black "Kosashvili, Yona"]
[Result "1-0"]
[WhiteElo "2585"]
[BlackElo "2560"]
[Annotator "Svidler,P"]
[PlyCount "95"]
[EventDate "1995.01.??"]
[EventType "tourn"]
[EventRounds "11"]
[EventCountry "ISR"]
[EventCategory "14"]
[SourceTitle "CBM 046"]
[Source "ChessBase"]
[SourceDate "1995.06.01"]
[SourceVersion "1"]
[SourceVersionDate "1995.06.01"]
[SourceQuality "1"]

1. e4 e5 2. Nf3 Nc6 3. d4 exd4 4. Nxd4 Nf6 5. Nxc6 bxc6 6. e5 Qe7 7. Qe2 Nd5 8.
Nd2 Nf4 $146 (8... Nb4 9. Nf3 Ba6 10. c4 c5 11. a3 Nc6 12. Bd2 $1 Qe6 13. Bc3
Be7 14. O-O-O $14 {Har Zvi,R-Almasi,Z/Altensteig/1994/1:0/56}) (8... Qe6 9. c4
Nb6 10. b3 Be7 11. Bb2 O-O 12. Qe4 $13 {Pribyl,J-Cladouras,P/BL/9394/1:0/66/})
(8... Bb7 9. c4 Nf4 10. Qe3 Ne6 11. Nb3 Qb4+ 12. Bd2 Qb6 13. f4 a5 $132 {
Shirov,A-Timman,J/Moscow/1992/0,5/42/}) 9. Qe3 (9. Qe4 $6 Ng6 10. Nf3 d5 $1 11.
Qe3 Bg4 $17) 9... Ng6 10. Nf3 (10. Nc4 Qe6 $1 11. f4 (11. Be2 Ba6 $15) 11...
Ba6 12. b3 Bb4+ $1 13. c3 Be7 $13) 10... d6 $1 (10... Qe6 11. Bd3 $16) 11. exd6
cxd6 12. Be2 (12. Bd3 Bg4 $1 13. Be4 (13. O-O $5 Qxe3 14. Bxe3 (14. fxe3 Be7
$10) 14... Bxf3 15. gxf3 Ne5 16. Be2 $13) 13... d5 14. Bxg6 Bxf3 $1 (14... hxg6
15. Ne5 $16) 15. Bxf7+ Kxf7 16. Qxe7+ Bxe7 17. gxf3 Bd6 18. Kf1 Rhe8 19. Be3
$44) 12... d5 $1 $10 (12... Qxe3 13. Bxe3 Be7 14. O-O-O $14) 13. h4 $5 (13. O-O
Qxe3 14. Bxe3 Bd6 $10) 13... f6 (13... Qxe3 14. Bxe3 Bd6 15. O-O-O Nf4 (15...
O-O $5 16. Nd4 Bd7 17. Nb3 $14) 16. Bf1 Bg4 17. Rd4 $14) 14. h5 Qxe3 (14... Ne5
15. O-O $14) 15. Bxe3 Ne5 16. O-O-O (16. Nd4 $5 Bd7 17. O-O-O $14) 16... Ng4 $5
17. Bd4 Kf7 (17... c5 18. Bb5+ Bd7 19. Rde1+ (19. Rhe1+ Kd8 20. Bxc5 Bxb5 21.
Rxd5+ Bd7 22. Red1 (22. Bxf8 Rxf8 23. Red1 Rf7 $17) 22... Bxc5 23. Rxd7+ Kc8
24. Rxg7 Nxf2 $44) 19... Kd8 20. Bxd7 Kxd7 21. Rh4 $1 f5 22. Ne5+ Nxe5 23. Bxe5
$14) 18. Nd2 $1 c5 (18... Bd6 $5 19. Nb3 Re8 20. Rhe1 $13) 19. f3 Nh6 $2 (19...
cxd4 $2 20. fxg4 $16) (19... Ne5 20. Bxe5 fxe5 21. Rhe1 {/\ 22.Bb5!} Rb8 (21...
Bd6 22. Nc4 $16) 22. Bf1 $5 (22. c4 d4 23. Bd3 Bd6 24. Ne4 Be7 $14) 22... Kf6
23. f4 $5 exf4 (23... e4 24. c4 $16) 24. Re8 $44) 20. Bf2 $16 Be6 21. Nb3 Rc8
$6 (21... d4 22. c3 $1 dxc3 23. bxc3 Rc8 24. Rhe1 Be7 25. Ba6 Rc7 (25... Rc6
26. Bb5 Rb6 (26... Rc7 27. Rxe6 {- 25...Rc7}) 27. Bd7 Bxb3 28. axb3 $16) 26.
Rxe6 $1 Kxe6 27. Bc4+ Kf5 28. Bg3 $1 Rcc8 $8 29. Rd5+ Ke6 30. Rxc5+ $1 Kd7 31.
Bb5+ Ke6 (31... Kd8 32. Rd5+) 32. Nd4+ Kf7 33. Bc4+ $18) (21... c4 22. Nd4 $16)
22. Ba6 $1 Rc7 (22... Rc6 23. Bb7) 23. Bg3 Rd7 24. Bc8 $1 Rd8 25. Bxe6+ Kxe6
26. Bf2 $1 $16 Rc8 $6 (26... c4 27. Nd4+ Kf7 28. Nc6 $16) 27. Rhe1+ Kd6 28.
Bg3+ Kc6 29. Re6+ Kd7 30. Ra6 $18 d4 31. c3 Nf5 32. Bf4 g5 33. hxg6 hxg6 34.
Rxa7+ $1 Ke6 (34... Kc6 35. cxd4 cxd4 36. Kb1 $18) 35. Re1+ Ne3 (35... Kd5 36.
Na5 $1 $18) 36. cxd4 cxd4+ 37. Kb1 Bc5 (37... Kf5 38. g3 $18) 38. Bxe3 $1 dxe3
39. Nxc5+ Rxc5 40. Rxe3+ Kf5 41. a3 Rh1+ 42. Ka2 Rg1 43. Re2 Re5 44. Rc2 Kf4
45. Ra6 Kg5 46. f4+ $1 Kxf4 47. Rxf6+ Kg5 48. Rcc6 1-0

[Event "RUS-ch"]
[Site "Elista"]
[Date "1994.??.??"]
[Round "9"]
[White "Svidler, Peter"]
[Black "Arkhipov, Sergey"]
[Result "1-0"]
[WhiteElo "2550"]
[BlackElo "2495"]
[Annotator "Svidler,P"]
[PlyCount "73"]
[EventDate "1994.09.??"]
[EventType "swiss"]
[EventRounds "11"]
[EventCountry "RUS"]
[SourceTitle "CBM 044"]
[Source "ChessBase"]
[SourceDate "1995.02.01"]
[SourceVersion "1"]
[SourceVersionDate "1995.02.01"]
[SourceQuality "1"]

1. e4 e5 2. Nf3 Nc6 3. d4 exd4 4. Nxd4 Qf6 5. Be3 Bc5 6. c3 Nge7 7. Bc4 Ne5 8.
Be2 Qg6 9. O-O d6 10. Kh1 $146 (10. f3) 10... O-O (10... Qxe4) 11. Nd2 Ng4 12.
Bf4 Nf6 (12... Qf6 13. Bg3 Bxd4 14. Bxg4 $14 (14. cxd4 Qxd4 15. Rc1 Nf6 (15...
Nc6 16. Rc4 $1 Qxb2 17. Rc2 $18) 16. Rxc7 Nc6 $1 $13 {/\ 17...Ne8})) 13. Bd3 (
13. f3 $5 Nh5 14. Be3 f5 $13) 13... Qg4 $1 14. Qxg4 Nxg4 15. b4 Bxd4 $6 (15...
Bb6 $132) 16. cxd4 Nc6 17. Rac1 $2 (17. d5 Nxb4 18. Be2 Re8 19. Rfc1 Re7 20.
Rab1 a5 21. a3 Na6 22. Bxg4 Bxg4 23. Rxb7 Kf8 24. Be3 $14 {>< Na6}) 17... Nxd4
$1 18. h3 (18. Rxc7 Ne6 19. Bxd6 Rd8 $19) 18... Ne5 (18... Nf6 19. Be3 Ne6 20.
f4 $44) 19. Bxe5 dxe5 20. Rxc7 Ne6 (20... Rd8 21. Rfc1 (21. Bc4 Ne6 22. Bxe6
Bxe6 23. Nf3 f6 24. Rxb7 Bxa2 25. Ra1 Be6 26. Raxa7 Rxa7 27. Rxa7 Rb8 $10)
21... Ne6 22. R7c3 Nf4 23. Bf1 Be6 24. Nf3 f6 $10) 21. Rc3 Nf4 22. Bc4 Be6 23.
g3 $5 Bxh3 $6 (23... Bxc4 24. Nxc4 Nxh3 $1 25. Nxe5 $8 (25. f4 exf4 26. gxf4
Rac8 27. a4 Rfd8 28. Rff3 Nxf4 $1 (28... Rd4 29. Na5 Rxc3 30. Rxc3 g6 31. Rxh3
Rxb4 $16) 29. Rxf4 Rd4 $19) 25... Ng5 26. f3 Ne6 $10) 24. Rg1 $1 (24. gxf4 $2
Bxf1 25. Bxf1 (25. Nxf1 Rac8 $1 $15) 25... Rac8 $1 $15) 24... Ne6 25. g4 Nf4
26. Kh2 (26. Nf3 b5 $1 $8 27. Bxb5 f6 28. Bc4+ Kh8 29. Kh2 h5 30. gxh5 Rac8 $13
) 26... Rac8 27. Rxh3 Rfd8 28. Bd5 Rc2 29. Rd1 Nxh3 (29... Nxd5 30. Rd3 $18)
30. Kxh3 $14 Kf8 31. Kg2 f6 32. Nf1 $1 Rxa2 $2 (32... Rd7 33. Ne3 Rc3 34. g5 $1
fxg5 35. Ng4 Re7 36. Bb3 $16) 33. Rc1 Rb2 34. Rc7 Rxb4 35. Ne3 $1 $18 Rb6 (
35... Ke8 36. Nf5 Rd7 37. Rc8+ Rd8 38. Nxg7+ Ke7 39. Nf5+ Ke8 40. Bf7+ Kd7 41.
Be6+ Ke8 42. Rc7 $18) 36. Nf5 g6 37. Rf7+ (37. Rf7+ Kg8 (37... Ke8 38. Ng7#)
38. Rd7+ Kf8 39. Rxd8#) 1-0

[Event "Alekhine Memorial"]
[Site "Paris/St Petersburg"]
[Date "2013.04.29"]
[Round "7"]
[White "Anand, Viswanathan"]
[Black "Fressinet, Laurent"]
[Result "1-0"]
[WhiteElo "2783"]
[BlackElo "2706"]
[Annotator "Szabo,Kr"]
[PlyCount "97"]
[EventDate "2013.04.21"]
[EventType "tourn"]
[EventRounds "9"]
[EventCountry "FRA"]
[EventCategory "20"]
[SourceTitle "CBM 154"]
[Source "ChessBase"]
[SourceDate "2013.05.15"]
[SourceVersion "1"]
[SourceVersionDate "2013.05.15"]
[SourceQuality "1"]

1. e4 e5 2. Nf3 Nc6 3. d4 exd4 4. Nxd4 Bc5 5. Nb3 {This line in the Scotch has
become very popular nowadays.} Bb6 6. Nc3 Nf6 (6... d6 {is another main line.})
7. Qe2 O-O {A very logical move. Black's idea is waiting with d6, because in
some variations he can play d5 immediately.} 8. Be3 d5 {This is the point!} 9.
O-O-O d4 10. Bg5 h6 11. Bh4 Re8 (11... Qd6 {is also possible going out of the
pin.} 12. Kb1 Qe6 13. Bxf6 Qxf6 14. Nd5 Qd6 $13) 12. f3 (12. Nd5 $5 {was an
interesting alternative to exploit the pin} g5 13. Nxf6+ Qxf6 14. Bg3 d3 $5 {
Black tries to complicate matters, otherwise White can play a simple f3, Kb1
and h4 with a comfortable position.} 15. Rxd3 Nb4 16. Rd1 Nxa2+ 17. Kb1 Nb4 18.
h4 $36 {with some pressure on the kingside.}) 12... Be6 13. Kb1 ({The immediate
} 13. Na4 {was also possible}) 13... Qe7 $6 ({If} 13... a6 $5 14. Na4 Bxb3 15.
axb3 Ba7 {the B has escaped and the a4 N is out of play.}) ({but} 13... Ne5 $1
{was the best, followed by Ng6 to resolve the pin. For example:} 14. Qe1 ({
in the case of} 14. Na4 d3 $1 {is a great positional P sacrifice} 15. cxd3 Bxb3
16. axb3 Bd4 {with Black's initiative.}) 14... Ng6 15. Bf2 c5 {and Black is
fine.}) 14. Na4 {Now the b6 B can't play and White can take it at an
appropriate moment.} Nb4 15. Qe1 g5 $6 {This move creates some weaknesses in
the black king's position. After h4 not only the g5 P, but sometimes the f6 N
can also be unprotected.} ({The immediate} 15... c5 {was better} 16. c3 (16. e5
$2 {doesn't work, as} Bxb3 17. axb3 Qxe5 {with a healthy P up.}) 16... Bxb3 17.
axb3 Nc6 $13 {and the fight continues.}) 16. Bf2 c5 17. c3 $6 {This allowed a
tactical blow, which was actually missed by Fressinet.} ({Probably} 17. Bb5 Nc6
18. h4 g4) ({or} 17. h4 g4 18. Bb5 Nc6 19. Qd2 {was the best, for example:} Kh7
20. c3 Rad8 21. cxd4 Bxb3 22. axb3 cxd4 23. Nxb6 axb6 24. Qc2 {but over the
board it is very difficult to find these lines.}) 17... dxc3 ({The computer
suggests the fantastic sacrifice with} 17... Nxa2 $5 18. Kxa2 d3 $3 {Probably
they missed this great quiet move.} 19. Bxd3 {This is forced, otherwise the a4
N can get into trouble after Qd7.} c4 {However things are far from clear after}
20. Kb1 (20. Be2 cxb3+ 21. Kb1 Bxf2 22. Qxf2 b6 $13 {with very good practical
chances for Black!}) (20. Nbc5 cxd3+ 21. b3 Rec8 $132) 20... cxd3 21. Nac5 Bc4
22. h4 Nd7 23. Nd2 $1 Bb5 24. Nxd7 Bxd7 25. Nc4 {The d3 P is doomed, but Black
wants to create some counterplay.} Be6 26. Na3 f5 27. hxg5 fxe4 28. fxe4 Bg4
$132) 18. Qxc3 c4 (18... Nxe4 19. fxe4 Bxb3 20. axb3 c4 $1 (20... Qxe4+ 21. Bd3
) 21. Bc5 $1 (21. Qf3 Bxf2 22. Nc3 $1 Rad8 23. Bxc4 Bd4 24. Rhf1 Rf8 25. h4 {
is also very dangerous for Black.}) 21... Bxc5 22. Nxc5 Qxc5 23. Bxc4 Qe7 24.
Rde1 Nc6 25. h4 $36) 19. Nbc5 $1 (19. Nd4 Bxd4 20. Bxd4 Rad8) 19... Nfd5 20.
Qa3 (20. Qe1 Rec8 21. Bxc4 Bxc5 22. Nxc5 Rxc5 23. Bxc5 Qxc5 24. Rc1 Qd4 25.
Bxd5 Qd3+ 26. Ka1 Nc2+ 27. Rxc2 Qxc2 28. h4 $16 {and White is very near to the
win.}) 20... Rac8 21. Bxc4 (21. exd5 Bf5+ 22. Kc1 Ba5 $3 {/\ Nc2} 23. Bxc4 (23.
d6 Qe5 24. g3 Nd3+ 25. Bxd3 cxd3 26. Rxd3 Red8 27. Rhd1 Qe2 28. Bd4 Rxd6 29.
Nc3 Bxc3 30. Rxc3 Rcd8 $132 {is a typical variation suggested by Mr Houdini3!})
23... Qd6 24. Bg3 Qg6 25. Rd2 Bb1 26. b3 Na6 27. Rhd1 Bb4 28. Qb2 Nxc5 29. Qxb1
Bxd2+ 30. Rxd2 Qxb1+ 31. Kxb1 Nxa4 32. d6 $14) 21... Bxc5 22. Nxc5 Rxc5 23.
Bxc5 Qxc5 24. Rc1 Qb6 25. Bxd5 $6 (25. exd5 {was correct, because} Bf5+ 26. Ka1
Nc2+ 27. Rxc2 Bxc2 28. Qc3 $14 {with a healthy P up.}) 25... Bxd5 26. exd5 Qg6+
27. Ka1 Nc2+ 28. Rxc2 Qxc2 {Suddenly Black becomes very active and he has good
compensation for the P.} 29. Qxa7 Qxg2 30. Rb1 {A very difficult endgame with
major pieces. In such situations the most important thing is the king's
position and the P race.} Qxh2 {In a practical game it is very difficult to
find and calculate the best move.} ({Maybe} 30... Qxf3 $1 {was easier} 31. Qxb7
Kg7 {Black's plan is Re5, the K goes out from Qb8+} 32. Qb5 Re5 $132 {gains
back the P with active pieces.}) 31. Qxb7 Rb8 (31... Re3 $5 32. Qc8+ Kg7 33.
Qc4 Qd2 34. Qc1 Qxc1 35. Rxc1 Rxf3 {with a very sharp and double-edged rook
ending.}) 32. Qc6 Qe5 33. a4 Rb3 {Threatening Ra3 mate.} 34. Ka2 Rxf3 $6 {
An inaccuracy, which allows Rd1.} (34... Rd3 {was better preventing the d-P
from advance.}) 35. Rd1 $1 {Suddenly after this move White's d-P becomes very
fast and dangerous.} Rf2 36. Qb5 Qd6 37. a5 Rc2 38. Qb6 Qd7 39. Rd4 Kg7 40. a6
Rc7 41. b3 h5 42. d6 Rc6 43. Qb7 Qe8 44. Ka3 $1 Rc1 45. Qd5 $1 {Anand plays
very precisely.} f6 (45... Ra1+ 46. Kb2 $18) 46. Re4 Qd8 47. Re7+ Kh6 48. Kb2
Qc8 49. Qd3 1-0

[Event "EU-ch 18th"]
[Site "Minsk"]
[Date "2017.06.07"]
[Round "8"]
[White "Saric, Ivan"]
[Black "Andreikin, Dmitry"]
[Result "1/2-1/2"]
[WhiteElo "2618"]
[BlackElo "2723"]
[Annotator "Szabo,Kr"]
[PlyCount "87"]
[EventDate "2017.05.30"]
[EventType "swiss"]
[EventRounds "11"]
[EventCountry "BLR"]
[SourceTitle "CBM 179"]
[Source "ChessBase"]
[SourceDate "2017.07.12"]
[SourceVersion "1"]
[SourceVersionDate "2017.07.12"]
[SourceQuality "1"]

1. e4 e5 2. Nf3 Nc6 3. d4 exd4 4. Nxd4 Bc5 5. Nb3 Bb6 6. Nc3 d6 (6... Nf6 {
is the other main line.}) 7. Qe2 Nf6 8. Be3 Be6 9. O-O-O Qe7 10. g3 Nd7 $146 {
The first new move in the game. At first this is a strange move, because the
knight doesn't control the d5-square.} (10... O-O-O {is the common
continuation, for example} 11. Bg2 Rhe8 12. Rhe1 Kb8 13. h3 Bxb3 14. axb3 Bxe3+
15. Qxe3 Qe5 16. Nd5 Ne7 17. Nxf6 Qxf6 18. f4 $14 {Karjakin-Ponomariov, Zug
2013, and White is slightly better.}) 11. Bg2 O-O-O 12. Rhe1 (12. f4 $5 {
is the other straightforward move.}) 12... Rhe8 13. Kb1 {Another natural
continuation.} Bxe3 14. Qxe3 Nb6 15. Nd4 ({The natural} 15. f4 $5 {is also
fine.}) 15... Bd7 16. Ndb5 {An ambitious reaction, however it can be a little
bit risky too.} (16. f4 $5) 16... Kb8 (16... a6 $2 {can't disturb the knight,
because} 17. Nxd6+ $1 $16 {and the b6-knight is hanging when the pawn
recaptures.}) 17. b3 {This is a typical move, when the N is on b6. On the
other hand this move weakens the dark squares a bit.} (17. f4 {was still
possible again.}) 17... Qe5 {Provoking f4 and he prepares for the exchange of
queens with ...Qc5.} (17... f5 $5 {was the alternative,} 18. a4 (18. exf5 Qxe3
19. Rxe3 Rxe3 20. fxe3 Bxf5 $11 {with clear equality for Black.}) 18... fxe4
19. Bxe4 Qf8 $11 {and Black looks ok.}) 18. f4 Qc5 (18... Qh5 19. Bf3 Qxh2 $4 {
does not work, because of} 20. Rh1 Qxg3 21. Rdg1 $18 {and the queen is trapped.
}) 19. Qxc5 dxc5 20. e5 $1 {The right move! White has gained some space on the
kingside. He is a pawn up on that side and he frees the e4-square for his
knight. White has a slight edge.} a6 21. Na3 Nd4 22. Ne4 Bc6 23. Bh1 {White
puts his bishop on a protected place, now the c5-pawn is hanging.} Ne6 24.
Rxd8+ Rxd8 25. f5 $6 {An inaccuaracy, which allows Black to equalise.} (25. Kb2
$1 $14 {was the most accurate reply and White can activate his passive
a3-knight from b1-d2 or c3.}) 25... Nd4 26. g4 ({In the event of} 26. Nxc5 Bxh1
27. Rxh1 Nxf5 28. Rf1 Nh6 29. Nd3 Nd7 $11 {and Black holds his position.})
26... Re8 $1 {Suddenly it is not clear, what can White do with his e5-pawn.}
27. c3 (27. Nxc5 $6 {is dubious, as} Bxh1 28. Rxh1 Rxe5 $132 {and suddenly
Black is more active.}) 27... Nb5 28. Nxb5 axb5 29. f6 (29. Ng3 $6 {could have
been met by} Bxh1 30. Nxh1 Nd7 31. e6 fxe6 32. Rxe6 Rxe6 33. fxe6 Nf6 $15 {
and only Black can play for a win.}) 29... Bxe4+ $1 {Good move! The e4-knight
was very strong, always ready to move to g5, so it was logical to exchange it.}
(29... g6 30. Ng5 $1 Bxh1 31. Rxh1 Rxe5 32. Nxf7 $16 {and the f6-pawn is very
strong.}) 30. Bxe4 ({If} 30. Rxe4 g5 $1 {and now already White has to fight
for equality.}) 30... gxf6 31. Bxh7 (31. exf6 $2 {does not work, because of}
Nd5 $1 $19 {and suddenly Black is winning, thanks to the pin from the R.})
31... Rh8 (31... fxe5 $1 {was more accurate,} 32. Bc2 Nd5 33. Kb2 Nf4 34. Kc1
c6 $15 {and Black's chances are already slightly better.}) 32. Bf5 Rxh2 33.
exf6 Nd5 34. Re8+ Ka7 35. Rf8 Nxf6 (35... Nxc3+ 36. Kc1 Re2 $1 $11 {with
perpetual checks.}) 36. Rxf7 Nd5 37. c4 Nc3+ 38. Kc1 Re2 {Black cuts off the
white king, so it can't avoid the perpetual checks.} 39. a3 Na2+ 40. Kd1 Nc3+
41. Kc1 b4 42. axb4 Na2+ 43. Kd1 Nc3+ 44. Kc1 {A nice high-level game!} 1/2-1/2

[Event "WchT 10th"]
[Site "Tsaghkadzor"]
[Date "2015.04.27"]
[Round "8.2"]
[White "Yu, Yangyi"]
[Black "Bruzon Batista, Lazaro"]
[Result "1-0"]
[WhiteElo "2724"]
[BlackElo "2691"]
[Annotator "Szabo,Kr"]
[PlyCount "141"]
[EventDate "2015.04.19"]
[EventType "team-tourn"]
[EventRounds "9"]
[EventCountry "ARM"]
[SourceTitle "CBM 166"]
[Source "ChessBase"]
[SourceDate "2015.05.11"]
[SourceVersion "1"]
[SourceVersionDate "2015.05.11"]
[SourceQuality "1"]
[WhiteTeam "China"]
[BlackTeam "Cuba"]
[WhiteTeamCountry "CHN"]
[BlackTeamCountry "CUB"]

{[%mdl 2]} 1. e4 e5 2. Nf3 Nc6 3. d4 exd4 4. Nxd4 Nf6 5. Nxc6 bxc6 6. e5 Qe7 7.
Qe2 Nd5 8. c4 Nb6 (8... Ba6 {is the most common main line.}) 9. Nd2 Qe6 10. b3
Bb4 ({Last year Yu Yangyi had a game with} 10... a5 11. Bb2 a4 12. Qe3 Bb4 13.
Bd3 d6 14. O-O-O axb3 15. axb3 {(Yu Yangyi-Moradiabadi, Tabriz 2014)} d5 $1 {
should have played} 16. f4 Qe7 $132 {with a double-edged fight.}) 11. Bb2 O-O
12. O-O-O Qe7 13. Ne4 Re8 $1 {Black is not only defending against the Nf6
threat, but also wants to play d5 or d6, depending on White's move. White's
main problem is the N on e4.} 14. Qc2 $6 $146 {The new move by Yu Yangyi, but
probably this is an inaccuracy.} (14. Nf6+ $5 {was tried by Ivanchuk} gxf6 15.
Qg4+ Kh8 16. exf6 Qf8 17. Qh4 d5 $1 {The right move. In any case the Black's B
from c8 has to come into the game.} 18. Bd3 Qg8 19. c5 $1 Bxc5 {and now the
engine suggests} 20. Rde1 (20. Rhe1 {was the game} Bg4 $1 21. f3 Bd7 22. Re7
Be3+ $1 23. Kb1 c5 $17 {and Black is better, later Almasi managed to win,
Ivanchuk-Z.Almasi, Havana 2014.}) 20... Bg4 21. Re7 $1 {and Black can't play ..
.Be3.}) 14... d5 $1 15. cxd5 ({In the event of} 15. Ng3 dxc4 (15... a5 $5) 16.
Bxc4 Nxc4 17. Qxc4 a5 {followed by ...a4 and Black looks nicely placed.}) 15...
cxd5 16. Nc3 Bxc3 $1 {At first sight this is a strange move, because Black
gives up his B pair, but he doesn't waste his time to protect the d5-P and he
will continue with ...c5.} 17. Bxc3 c5 18. Bd3 g6 {Black simply protects his
h7-P and neutralises the B.} 19. f4 (19. Bb2 Be6 $17 {is also better for Black.
}) 19... c4 $1 {A very good move. Bruzon immediately opens the position,
because White's K will be weak. Black's position is already better.} 20. bxc4
Bg4 21. Rde1 Rac8 {Another nice reaction! Black brings his last piece into the
attack.} 22. Kb2 Nxc4+ 23. Ka1 d4 $1 24. Bxd4 Red8 25. Qf2 Qd7 {Until this
moment Black's play had been fantastic. This move is also good, but Black
missed a great tactical move.} (25... Nd2 $3 $19 {was the wonderful tactical
blow and White can't avoid Black's threats.}) 26. Bxc4 Rxc4 27. Bb2 $6 (27. Be3
{was tougher, but after} Qa4 {Black's attack doesn't stop.}) 27... Be6 {
The opposite coloured Bs are helping for the attacking side. Now Black's B is
stronger, he controls the a2-g8 diagonal.} 28. f5 {The best practical chance.}
gxf5 29. Qf3 Ra4 30. a3 Qb5 31. Rd1 Rb8 32. Qc3 f4 (32... Rc4 $1 $19 {was the
easiest way of winning.}) 33. Rd6 Rc4 34. Qd2 Rcc8 35. Qb4 Qe2 36. Re1 Qf2 $2 {
Too slow, now White can consolidate. Black didn't find his brilliant winning
move.} (36... Rc1+ $3 {was the strongest reply,} 37. Rxc1 (37. Bxc1 $4 Qa2#)
37... Rxb4 38. axb4 Qxg2 $19 {and Black's f-P is strong, moreover White's K is
attackable, so Black is winning.}) 37. Qd2 $1 Rxb2 $4 {The decisive mistake!
Black sacrifices an exchange, but this is not correct, White can avoid all
Black's threats.} ({Black should exchange the Qs with} 37... Qxd2 38. Rxd2 Rc4
{and still Black is who can play for a win.}) 38. Kxb2 Rb8+ 39. Ka1 Qc5 40. Rd3
Qc4 41. Rc1 Qa4 42. g3 $1 {White completely protects his queenside and he is
ready to start his attack against the opponent's K.} Bf5 43. Rd8+ Kg7 44. Qd6
$1 Rxd8 45. Qf6+ Kg8 46. Qxd8+ Kg7 47. Qf6+ Kg8 48. Qd6 f3 49. Qd8+ Kg7 50.
Qg5+ Kh8 51. Qe3 f2 52. Rf1 Kg8 53. Rxf2 $18 {White has a big material
advantage. Black has some practical chances with the Q and B battery, but with
accurate play White has to win.} Qd1+ 54. Kb2 Qb1+ 55. Kc3 Qa1+ 56. Kb4 Qb1+
57. Ka5 Bd3 58. a4 Qb7 59. Qg5+ Kh8 60. Qd8+ Kg7 61. Qd6 {White's Q controls
all the important squares.} Bc4 62. Qf6+ Kg8 63. Qd8+ Kg7 64. Rd2 h6 65. Rd7
Qb3 66. Qf6+ Kh7 67. Qf5+ Kg7 68. Qg4+ Kh7 69. Qd4 a6 70. e6 Bxe6 71. Qd3+ 1-0